[Event "Belgorod"]
[Site "Belgorod"]
[Date "1990.??.??"]
[Round "?"]
[White "Kanstler, Boris"]
[Black "Kholmov, Ratmir D"]
[Result "1/2-1/2"]
[WhiteElo "2430"]
[BlackElo "2485"]

1.d4 Nf6 2.c4 e6 3.Nc3 Bb4 4.Qc2 O-O 5.Bg5 d6 6.Nf3 Nbd7 7.e3 e5 8.Be2 Re8
9.O-O Bxc3 10.Qxc3 Ne4 11.Bxd8 Nxc3 12.bxc3 Rxd8 13.Rfd1 Re8 14.Nd2 Nf6 15.Bf3 Rb8
16.Nb3 b6 17.c5 Bf5 18.cxd6 cxd6 19.c4 Rec8 20.Be2 Rc7 21.Rdc1 Rbc8 22.c5 bxc5
23.dxc5 dxc5 24.Ba6 Rb8 25.Nxc5 Rb6 26.Bd3 Rbc6 27.Bxf5 Rxc5 28.Rxc5 Rxc5
29.Bd3 e4 30.Be2 Nd5 31.Bd1 Kf8 32.Kf1 f5 33.Rb1 Ke7 34.Ke1 Nb6 35.Bb3 g5
36.Kd2 Kd6 37.h4 g4 38.Bg8 h6 39.Rb4 Nd5 40.Rd4 Ke5 41.Rxd5+  1/2-1/2

[Event "Berliner Sommer"]
[Site "Berlin"]
[Date "1990.??.??"]
[Round "?"]
[White "Boensch, Uwe"]
[Black "Balashov, Yuri S"]
[Result "0-1"]
[WhiteElo "2530"]
[BlackElo "2535"]

1.d4 Nf6 2.c4 e6 3.Nc3 Bb4 4.Qc2 O-O 5.Nf3 d6 6.Bg5 Nbd7 7.e3 b6 8.Bd3 h6
9.Bh4 Bb7 10.O-O Bxc3 11.Qxc3 c5 12.Bg3 Qe7 13.Rfd1 Rfd8 14.Bc2 Ne4 15.Bxe4 Bxe4
16.dxc5 Nxc5 17.Nd4 e5 18.Nc2 Rac8 19.Nb4 f5 20.f3 Ba8 21.Nd5 Qf7 22.b4 Nd7
23.Qb3 Bxd5 24.Rxd5 Nf6 25.Rd2 Rd7 26.Rad1 Rxc4 27.Rxd6 Rxd6 28.Rxd6 f4 29.exf4 e4
30.Rd8+ Kh7 31.Rc8 b5 32.Rxc4 bxc4 33.Qc2 Qd5 34.fxe4 Nxe4 35.Bf2 a6 36.Kf1 Kh8
37.Ke1 c3 38.a4 Qc4 39.Be3 Qxb4 40.Ke2 Nf6 41.Qd3 Qb2+ 42.Kd1 Qa1+ 43.Kc2 Qxa4+
44.Kxc3 Qc6+ 45.Kb3 Qb7+ 46.Kc3 Qc6+ 47.Kb3 Qxg2 48.Qxa6 Qxh2 49.Qc8+ Ng8
50.Kc3 Qh5 51.f5 Qf3 52.Kd3 Qd5+ 53.Ke2 Kh7 54.Qe6 Qxe6 55.fxe6 Kg6 56.Bd4 Nf6
57.Kf3 Kf5 58.e7 Ne8 59.Bc3 Ke6 60.Bb4 Nf6 61.Ba3 Kf7 62.Kf4 Nd5+ 63.Kg4 Nxe7
64.Kh5 Ng8 65.Kg4 Ke6 66.Bf8 Nf6+ 67.Kf3 Kf7 68.Ba3 g5 69.Bc1 Kg6 70.Kg3 Kf5
71.Kh3 h5 72.Be3 Nd5  0-1

[Event "Berliner Sommer"]
[Site "Berlin"]
[Date "1990.??.??"]
[Round "?"]
[White "Mohr, Georg"]
[Black "Romanishin, Oleg M"]
[Result "0-1"]
[WhiteElo "2450"]
[BlackElo "2525"]

1.d4 Nf6 2.c4 e6 3.Nc3 Bb4 4.Qc2 O-O 5.a3 Bxc3+ 6.Qxc3 b6 7.Bg5 Bb7 8.Nh3 Re8
9.f3 h6 10.Bh4 d5 11.e3 Nbd7 12.cxd5 exd5 13.Be2 Qe7 14.Bf2 c5 15.O-O cxd4
16.Qxd4 Nc5 17.Rad1 Nb3 18.Qa4 Na5 19.Rfe1 Rac8 20.Bf1 Qe5 21.Rd2 Bc6 22.Qd1 Bb7
23.Nf4 Nc4 24.Bxc4 dxc4 25.Ne2 b5 26.Ng3 Nd5 27.e4 Nf4 28.Bd4 Qe6 29.Nf5 f6
30.Bxa7 Nd3 31.Rxd3 cxd3 32.Qxd3 Bc6 33.Rd1 Rc7 34.Qe3 Rd7 35.Rc1 Bb7 36.Bc5 Red8
37.Qe1 Qb3 38.Qb4 Rd1+ 39.Rxd1 Qxd1+ 40.Kf2 Rd2+ 41.Kg3 Qe2 42.Ne3 Qf2+ 43.Kf4 Bc8
44.e5 g5+ 45.Ke4 f5+  0-1

[Event "Biel op"]
[Site "Biel"]
[Date "1990.??.??"]
[Round "3"]
[White "Foisor, Ovidiu"]
[Black "Roeder, Mathias"]
[Result "1/2-1/2"]
[WhiteElo "2395"]
[BlackElo "2445"]

1.d4 Nf6 2.c4 e6 3.Nc3 Bb4 4.Qc2 O-O 5.a3 Bxc3+ 6.Qxc3 b6 7.Bg5 Bb7 8.Nh3 c5
9.dxc5 bxc5 10.e3 a5 11.Nf4 d6 12.Nh5 Nbd7 13.O-O-O Ra6 14.Bd3 h6 15.Nxf6+ Nxf6
16.Bxf6 Qxf6 17.Qxf6 gxf6 18.e4 Rb8 19.Rhe1 Kf8 20.Re3 Ke7 21.Rh3 Rg8 22.Rg3 Rg5
23.Re1 h5 24.Bf1 Rxg3 25.hxg3 Ra8 26.Bd3 Rg8 27.Rh1 Rg5 28.Kd2 f5 29.exf5 Bxg2
30.Rh2 Bf3 31.Ke3 Bg4 32.fxe6 Re5+ 33.Kd2 Rxe6 34.Rh1  1/2-1/2

[Event "Biel op"]
[Site "Biel"]
[Date "1990.??.??"]
[Round "7"]
[White "Beim, Valery"]
[Black "Vyzmanavin, Alexey"]
[Result "1/2-1/2"]
[WhiteElo "2480"]
[BlackElo "2585"]

1.d4 Nf6 2.c4 e6 3.Nc3 Bb4 4.Qc2 O-O 5.a3 Bxc3+ 6.Qxc3 b6 7.Bg5 Bb7 8.e3 d6
9.Nf3 Nbd7 10.Be2 Qe8 11.Bxf6 Nxf6 12.O-O Ne4 13.Qc2 f5 14.Nd2 Qg6 15.f3 Nf6
16.Rae1 c5 17.dxc5 dxc5 18.Qc3 Rfd8 19.Rd1 Rac8 20.Nb1  1/2-1/2

[Event "Brocco op"]
[Site "Brocco"]
[Date "1990.??.??"]
[Round "2"]
[White "Flear, Christine"]
[Black "Landenbergue, Claude"]
[Result "0-1"]
[WhiteElo "2160"]
[BlackElo "2380"]

1.d4 e6 2.c4 Nf6 3.Nc3 Bb4 4.Qc2 O-O 5.a3 Bxc3+ 6.Qxc3 d6 7.Bg5 Nbd7 8.e3 b6
9.Bd3 h6 10.Bh4 c5 11.Ne2 Ba6 12.b4 Rc8 13.Bg3 d5 14.dxc5 dxc4 15.Bxc4 Ne4
16.Qc2 Nxg3 17.Nxg3 Bxc4 18.Qxc4 bxc5 19.bxc5 Qa5+ 20.Qb4 Qa6 21.Rc1 Ne5
22.Rc3 Nd3+ 23.Rxd3 Qxd3 24.Qd2 Qb1+ 25.Ke2 Qb5+ 26.Qd3 Qb2+ 27.Qd2 Qxa3
28.Ne4 Rfd8  0-1

[Event "Brocco op"]
[Site "Brocco"]
[Date "1990.??.??"]
[Round "4"]
[White "Reimer, Eva"]
[Black "Klinger, Josef"]
[Result "0-1"]
[WhiteElo "2115"]
[BlackElo "2520"]

1.d4 e6 2.c4 Nf6 3.Nc3 Bb4 4.Qc2 O-O 5.Bg5 d6 6.Nf3 h6 7.Bh4 Nbd7 8.e3 Qe8
9.Be2 b6 10.Nd2 Bb7 11.Bf3 Bxf3 12.Nxf3 c5 13.O-O cxd4 14.Nxd4 Rc8 15.Ne4 Nxe4
16.Qxe4 Rxc4 17.b3 d5 18.Qd3 Rc8 19.Rac1 Bd6 20.Qa6 Ra8 21.Qe2 Be5 22.Nb5 Qb8
23.Be7 Re8 24.Ba3 Bxh2+ 25.Kh1 Be5 26.Rc6 a6 27.Nd6 Rd8 28.f4 Bf6 29.Rfc1 Nc5
30.b4 Rxd6 31.Rxd6 Qxd6 32.bxc5 Qf8  0-1

[Event "Brocco op"]
[Site "Brocco"]
[Date "1990.??.??"]
[Round "8"]
[White "Flear, Glenn C"]
[Black "Hellers, Ferdinand"]
[Result "0-1"]
[WhiteElo "2485"]
[BlackElo "2520"]

1.d4 Nf6 2.c4 e6 3.Nc3 Bb4 4.Qc2 O-O 5.a3 Bxc3+ 6.Qxc3 b6 7.Bg5 Bb7 8.Nh3 h6
9.Bh4 d5 10.cxd5 exd5 11.e3 c5 12.dxc5 d4 13.Qxd4 Qxd4 14.exd4 Re8+ 15.Kd2 g5
16.Bg3 Nc6 17.Bb5 Red8 18.Bxc6 Bxc6 19.f3 Rxd4+ 20.Ke3 bxc5 21.Rad1 Re8+
22.Kf2 Ba4 23.Rxd4 cxd4 24.Re1 Rc8 25.Be5 Rc2+ 26.Kg1 d3  0-1

[Event "Spring op"]
[Site "Budapest"]
[Date "1990.??.??"]
[Round "2"]
[White "Baburin, Alexander"]
[Black "Summermatter, Daniel"]
[Result "1/2-1/2"]
[WhiteElo "2455"]
[BlackElo "2295"]

1.d4 Nf6 2.c4 e6 3.Nc3 Bb4 4.Qc2 O-O 5.Nf3 d6 6.Bg5 Nbd7 7.e3 b6 8.Be2 Bb7
9.O-O Bxc3 10.bxc3 h6 11.Bh4 g5 12.Bg3 Ne4 13.Nd2 Nxd2 14.Qxd2 f5 15.f3 Qe7
16.Rae1 Kh8 17.Bd3 Rf7 18.e4 f4 19.Bf2 Rg7 20.e5 dxe5 21.Be4 Bxe4 22.Rxe4 g4
23.dxe5 gxf3 24.g3 fxg3 25.Bxg3 Qg5 26.Qxg5 Rxg5 27.Rxf3 Rf8 28.Rxf8+ Nxf8
29.c5 Ng6 30.Kf2 Rf5+ 31.Ke2 h5 32.Ra4 h4 33.Bf2 Rxe5+ 34.Kd2 Rd5+ 35.Kc2 Rg5
36.Bxh4 Nxh4  1/2-1/2

[Event "Spring op"]
[Site "Budapest"]
[Date "1990.??.??"]
[Round "2"]
[White "Drasko, Milan"]
[Black "Tozer, Richard"]
[Result "1-0"]
[WhiteElo "2445"]
[BlackElo "2290"]

1.d4 Nf6 2.c4 e6 3.Nc3 Bb4 4.Qc2 O-O 5.a3 Bxc3+ 6.Qxc3 b6 7.Bg5 Bb7 8.e3 d6
9.f3 Nbd7 10.Bd3 c5 11.Ne2 Rc8 12.Qb3 cxd4 13.exd4 e5 14.Bf5 Rc7 15.Qb4 h6
16.Bh4 d5 17.cxd5 Bxd5 18.O-O exd4 19.Nxd4 Rc4 20.Qd2 Nc5 21.Rad1 Nb3 22.Qf2 Nxd4
23.Rxd4 Rxd4 24.Qxd4 Be6 25.Qxd8 Rxd8 26.Bc2 g5 27.Bg3 Rd2 28.Rf2 Rxf2 29.Kxf2 Nd5
30.Bb8 a5 31.Ba4 f5 32.g3 Kf7 33.Ke2 f4 34.gxf4 Nxf4+ 35.Ke3 Bd5 36.Bb5 Kf6
37.Ba7 Bb7 38.Bc4 Nd5+ 39.Kd4 Ne7 40.Bxb6 Bxf3 41.Bd8 Bg4 42.Kc5 Be6 43.Be2 Kf7
44.Bh5+ Ng6 45.Bxa5 Kf6 46.Bc3+ Kf5 47.a4 Nf4 48.Bf3 g4 49.Bb7 Nd3+ 50.Kd4 Ne5
51.Be4+ Kf6 52.Ke3  1-0

[Event "Budapest IM-B"]
[Site "Budapest"]
[Date "1990.??.??"]
[Round "2"]
[White "Kahn, Evarth"]
[Black "Kustar, Sandor"]
[Result "1-0"]
[WhiteElo "2240"]
[BlackElo "2265"]

1.d4 Nf6 2.c4 e6 3.Nc3 Bb4 4.Qc2 O-O 5.a3 Bxc3+ 6.Qxc3 b6 7.Bg5 c5 8.dxc5 bxc5
9.f3 Nc6 10.e3 Ne4 11.Bxd8 Nxc3 12.Bc7 Na4 13.b3 Nb6 14.Bd6 Rd8 15.Bd3 Na5
16.Bc2 Nb7 17.Bc7 Re8 18.a4 Na5 19.Bd6 Nb7 20.O-O-O Nxd6 21.Rxd6 Rb8 22.Ne2 Kf8
23.Nc3 Ke7 24.Rhd1 Nd5 25.R6xd5 exd5 26.Rxd5 d6 27.Nb5 Be6 28.Rd2 a5 29.Rxd6 Rxb5
30.Rxe6+ Kxe6 31.axb5 Kd6 32.Kd2 Re6 33.Be4 Rh6 34.h3 Ke5 35.Bd5 f5 36.f4+ Kd6
37.b6 Kd7 38.b7 Rb6 39.Kc3 Ke7 40.Bf3 Kf6 41.Bc6 g5 42.Kb2 a4 43.b4 gxf4
44.exf4 cxb4 45.c5 a3+ 46.Kb3 a2 47.Kxa2 b3+ 48.Kb2 Rb4 49.Bb5  1-0

[Event "Noviki-A"]
[Site "Budapest"]
[Date "1990.??.??"]
[Round "3"]
[White "Horvath, Csaba"]
[Black "Schmittdiel, Eckhard"]
[Result "1-0"]
[WhiteElo "2460"]
[BlackElo "2455"]

1.d4 Nf6 2.c4 e6 3.Nc3 Bb4 4.Qc2 O-O 5.a3 Bxc3+ 6.Qxc3 a5 7.b3 b5 8.cxb5 c6
9.e3 Bb7 10.f3 cxb5 11.Bxb5 Qb6 12.Qd3 e5 13.dxe5 Ng4 14.Qe2 Nxe5 15.Nh3 Ba6
16.Bxa6 Nxa6 17.Rb1 Nc5 18.O-O Nc6 19.Qc2 Ne6 20.Kh1 d5 21.Bb2 Rab8 22.Ba1 d4
23.Rfc1 Ncd8 24.e4 Qd6 25.Qd3 Qxa3 26.f4 a4 27.f5 Rxb3 28.Qd1 Nc5 29.Qxd4 f6
30.Nf4 Nf7 31.Bb2 Qb4 32.Qxb4 Rxb4 33.Ba3 Rxb1 34.Rxb1 Rc8 35.Bxc5 Rxc5 36.Rb8+ Nd8
37.Rxd8+ Kf7 38.h3 Ra5 39.Rd2 a3 40.Ra2 Ra4 41.Nd3 g6 42.Kg1 Ke7 43.fxg6 hxg6
44.Kf2  1-0

[Event "Budapest Noviki-C"]
[Site "Budapest"]
[Date "1990.??.??"]
[Round "4"]
[White "Beck, Hartmuth"]
[Black "Grooten, Herman"]
[Result "0-1"]
[WhiteElo "2265"]
[BlackElo "2365"]

1.d4 Nf6 2.c4 e6 3.Nc3 Bb4 4.Qc2 O-O 5.a3 Bxc3+ 6.Qxc3 b6 7.Bg5 Bb7 8.f3 c5
9.dxc5 bxc5 10.e3 Qe7 11.Nh3 d5 12.Bd3 Nbd7 13.O-O h6 14.Bh4 Rfd8 15.Rfd1 Rac8
16.Rac1 Nb6 17.b3 d4 18.exd4 cxd4 19.Qa5 Ba8 20.Nf2 Rc5 21.Qb4 g5 22.Bg3 Nbd7
23.Bf1 e5 24.Nd3 Rb8 25.Qe1 Rc6 26.b4 Re6 27.Nf2 Re8 28.Bd3 g4 29.Ne4 gxf3
30.Bh4 Bxe4 31.Bxe4 Nxe4 32.Qxe4 f5 33.Qxd4 exd4 34.Bxe7 R8xe7 35.Rxd4 Rg6
36.g3 Ne5 37.Kf2 Rg4 38.Rd8+ Kf7 39.c5 Re4 40.Rd2 Nc4 41.Rd3 Re2+ 42.Kxf3 Nd2+  0-1

[Event "Budapest IM-B"]
[Site "Budapest"]
[Date "1990.??.??"]
[Round "4"]
[White "Effert, Kai"]
[Black "Kustar, Sandor"]
[Result "1-0"]
[WhiteElo "2320"]
[BlackElo "2265"]

1.d4 Nf6 2.c4 e6 3.Nc3 Bb4 4.Qc2 O-O 5.a3 Bxc3+ 6.Qxc3 b6 7.Bg5 Bb7 8.f3 d5
9.e3 Nbd7 10.cxd5 exd5 11.Bd3 h6 12.Bh4 Re8 13.Bf5 Nf8 14.Ne2 Ba6 15.Rc1 Ne6
16.Bd3 Bb7 17.O-O c6 18.Bb1 Qe7 19.Qd3 Ng5 20.Rc3 Qd7 21.Qf5 Qxf5 22.Bxf5 g6
23.Bc2 Kg7 24.Bxg5 hxg5 25.Kf2 Re6 26.h3 Ng8 27.Rc1 f5 28.Ba4 Ne7 29.f4 gxf4
30.Nxf4 Rd6 31.Nd3 Rc8 32.Ne5 a5 33.g4 fxg4 34.hxg4 Rf6+ 35.Kg3 b5 36.Bd1 Rd8
37.Be2 g5 38.Bxb5 Rdd6 39.Be2 Rd8 40.Rf1 Rxf1 41.Bxf1 Kf6 42.Rc5 Ra8 43.Be2 Ba6  1-0

[Event "Noviki-A"]
[Site "Budapest"]
[Date "1990.??.??"]
[Round "6"]
[White "Farago, Ivan"]
[Black "Roeder, Mathias"]
[Result "1-0"]
[WhiteElo "2475"]
[BlackElo "2450"]

1.d4 Nf6 2.c4 e6 3.Nc3 Bb4 4.Qc2 O-O 5.a3 Bxc3+ 6.Qxc3 b6 7.Bg5 Bb7 8.f3 c5
9.dxc5 bxc5 10.Nh3 a5 11.e3 d6 12.Rd1 Ra6 13.Be2 Nbd7 14.O-O a4 15.Nf2 Ba8
16.Rd2 Qe7 17.e4 Rb8 18.Nd1 h6 19.Bh4 Rb3 20.Qc1 Ne5 21.Nc3 Bc6 22.Rfd1 Rab6
23.Rxd6 Rxb2 24.Bg3 Nfd7 25.f4 Rxe2 26.fxe5 Rbb2 27.Nxe2 Rxe2 28.Rxc6 Nxe5
29.Bxe5 Qh4 30.Rc8+ Kh7 31.Qf4 Re1+ 32.Rxe1 Qxe1+ 33.Qf1  1-0

[Event "Budapest"]
[Site "Budapest"]
[Date "1990.??.??"]
[Round "7"]
[White "Forintos, Gyozo V"]
[Black "Vratonjic, Slobodan"]
[Result "1/2-1/2"]
[WhiteElo "2345"]
[BlackElo "2380"]

1.d4 e6 2.c4 Bb4+ 3.Nc3 Nf6 4.Qc2 O-O 5.Bg5 h6 6.Bh4 c5 7.e3 cxd4 8.exd4 d5
9.a3 Bxc3+ 10.bxc3 b6 11.cxd5 exd5 12.Bb5 Ba6 13.Bxa6 Nxa6 14.Ne2 Nb8 15.O-O Nbd7
16.Qd3 Rc8 17.a4 Re8 18.f3 Rc6 19.Ra2 Qc8 20.Rb1 Rc4 21.Be1 Qc6 22.Qd1 a6
23.Nf4 b5 24.axb5 axb5 25.Nd3 Ra4 26.Rab2 Qc4 27.Rxb5 Ra2 28.R1b2 Re3 29.Nc1 Ra1
30.Rb1 Ra8 31.Bd2 Re6 32.Qf1 Qa4 33.Nd3 Rae8 34.R5b4 Qa8 35.R4b2 Ra6 36.Nb4 Rae6
37.Nd3 Ra6 38.Nf4 Ra2 39.Qd3 Rxb2 40.Rxb2 Qa7 41.Qb1 Qa6 42.Rb5 Qa8 43.Kf2 Rb8
44.Rxb8+ Nxb8 45.Ne2 Nbd7 46.Ng3 Qa7 47.Nf5 Nb6 48.Bf4 Qa5 49.Bc7 Nfd7 50.Ne7+ Kh8
51.Nxd5 Qxd5 52.Bxb6 Qb7 53.Qb5 Nxb6 54.c4 Qc7 55.Qe8+ Kh7 56.c5 Nc8 57.h4 h5
58.Kf1 Qb7 59.Kf2 g6 60.d5 Qc7 61.Qf8 Qb7 62.Kg3 Qc7+ 63.Kf2 Qb7 64.Kg3 Qc7+  1/2-1/2

[Event "Budapest Noviki-C"]
[Site "Budapest"]
[Date "1990.??.??"]
[Round "7"]
[White "Petran, Pal"]
[Black "Grooten, Herman"]
[Result "1-0"]
[WhiteElo "2430"]
[BlackElo "2365"]

1.d4 Nf6 2.c4 e6 3.Nc3 Bb4 4.Qc2 O-O 5.Bg5 h6 6.Bh4 d6 7.e3 b6 8.Bd3 Bb7
9.f3 Nbd7 10.Ne2 c5 11.O-O cxd4 12.exd4 Rc8 13.a3 Bxc3 14.Nxc3 Qc7 15.Nb5 Qb8
16.Bg3 Ne8 17.Qa4 a6 18.Nxd6 Nxd6 19.Qxd7 Rfd8 20.Qa4 Qa8 21.Qb3 b5 22.c5 Bd5
23.Qc3 Ne8 24.a4 Qb7 25.axb5 axb5 26.Qb4 Bc6 27.Ra5 Ra8 28.Rfa1 Rxa5 29.Rxa5 Ra8
30.Be5 Rxa5 31.Qxa5 Qd7 32.Qb4 Qe7 33.Be4 Bxe4 34.fxe4 Qh4 35.Qxb5 Qe1+ 36.Qf1 Qxe4
37.Qd1 Qd5 38.Qf3 Qa2 39.Qc3 Qb1+ 40.Kf2 Qf5+ 41.Ke3 Qg5+ 42.Kf2 Qf5+ 43.Qf3 Qc2+
44.Qe2 Qf5+ 45.Ke3 f6 46.Bg3 Qd5 47.Qc2 e5 48.dxe5 fxe5 49.c6 Nf6 50.h3 Qd4+
51.Ke2 Nd5 52.Bf2 Nf4+ 53.Kf1 Qd5 54.Be3 Qf7 55.Bxf4 Qxf4+ 56.Kg1 Qd4+ 57.Kh1 Qd8
58.c7 Qc8 59.Qc4+ Kh8 60.b4 e4 61.b5 e3 62.b6 Kh7 63.Qd3+  1-0

[Event "Spring op"]
[Site "Budapest"]
[Date "1990.??.??"]
[Round "9"]
[White "Kahn, Evarth"]
[Black "Dezelin, Milan"]
[Result "0-1"]
[WhiteElo "2240"]
[BlackElo "2350"]

1.d4 Nf6 2.c4 e6 3.Nc3 Bb4 4.Qc2 O-O 5.a3 Bxc3+ 6.Qxc3 b5 7.cxb5 c6 8.bxc6 Nxc6
9.e3 Bb7 10.f3 Rc8 11.Bd2 Re8 12.Qb3 Ba8 13.Bd3 Rb8 14.Qa2 e5 15.d5 e4 16.fxe4 Ne5
17.Be2 Nxe4 18.Nf3 Nxd2 19.Nxd2 Qg5 20.O-O-O Qxe3 21.Rhe1 Qc5+ 22.Nc4 Bxd5
23.b3 Bxc4 24.Bxc4 Nd3+ 25.Rxd3 Rxe1+ 26.Kc2 Re2+ 27.Rd2 Rxd2+ 28.Kxd2 Qf2+
29.Be2 Re8 30.Kd1 Qg1+ 31.Kd2 Rxe2+  0-1

[Event "Budapest"]
[Site "Budapest"]
[Date "1990.??.??"]
[Round "9"]
[White "Horvath, Csaba"]
[Black "Petran, Pal"]
[Result "0-1"]
[WhiteElo "2460"]
[BlackElo "2430"]

1.d4 Nf6 2.c4 e6 3.Nc3 Bb4 4.Qc2 O-O 5.a3 Bxc3+ 6.Qxc3 b6 7.Bg5 Bb7 8.Nh3 h6
9.Bh4 d5 10.cxd5 exd5 11.e3 c5 12.Bxf6 Qxf6 13.dxc5 Qxc3+ 14.bxc3 bxc5 15.Rb1 Bc6
16.Bb5 d4 17.Bxc6 Nxc6 18.cxd4 cxd4 19.exd4 Rfe8+ 20.Kf1 Nxd4 21.g3 Nc2 22.a4 Re4
23.Rb2 Rc8 24.Ra2 a5 25.Nf4 Rcc4 26.Nd3 Nb4 27.Nxb4 Rxb4 28.Kg2 Rxa4 29.Rxa4 Rxa4
30.Rc1 g5 31.h3 Kg7 32.Rc5 Kg6 33.Rc6+ f6 34.Ra6 h5 35.Kf3 g4+ 36.hxg4 hxg4+
37.Ke3 Kf5 38.Ra8 Ra3+ 39.Kd4 Ra4+ 40.Ke3 Ke5 41.Re8+ Kd6 42.Rf8 Ke6 43.Re8+ Kf5
44.Ra8 Re4+ 45.Kd3 Re5 46.Ra6 Kg5 47.Ra8 Rb5 48.Rg8+ Kf5 49.Ra8 Rb3+ 50.Ke2 Ra3
51.Re8 a4 52.Ra8 Ke4 53.Re8+ Kd5 54.Rd8+ Kc5 55.Rc8+ Kb4 56.Rb8+ Kc3 57.Rc8+ Kb2
58.Rc4 Kb3 59.Rxg4 Ra2+ 60.Ke3 Rc2 61.Rg8 a3 62.Rb8+ Kc3 63.Rc8+ Kb2 64.Rb8+ Kc1
65.Ra8 a2 66.f3 Kb1 67.Ke4 Rc3 68.f4 Rxg3 69.Kf5 Rf3  0-1

[Event "FRA-NLD"]
[Site "Cannes"]
[Date "1990.??.??"]
[Round "5"]
[White "Kouatly, Bachar"]
[Black "Ligterink, Gert"]
[Result "1/2-1/2"]
[WhiteElo "2490"]
[BlackElo "2410"]

1.d4 Nf6 2.c4 e6 3.Nc3 Bb4 4.Qc2 O-O 5.a3 Bxc3+ 6.Qxc3 b6 7.Bg5 Bb7 8.e3 d6
9.f3 Nbd7 10.Bd3 h6 11.Bh4 c5 12.Ne2 Rc8 13.O-O Ba6 14.b3 cxd4 15.Qxd4 d5
16.Rac1 Nc5 17.Bc2 dxc4 18.b4 Nd3 19.Bxf6 Qxf6 20.Qxf6 gxf6 21.Rcd1 Rfd8
22.Nc3 Kf8 23.Rd2 f5 24.Rfd1 Rd6 25.Kf1 Rcd8 26.Ke2 Ke7 27.g3 Bb7 28.Nb5 R6d7
29.Nxa7 Nc1+ 30.Ke1 Rxd2 31.Rxd2 Ra8 32.Nb5 Bxf3 33.Rf2 Bc6 34.Nd4 Be4 35.Kd2 Nd3
36.Bxd3 cxd3 37.Nb5 Kd7 38.Rf1 Kc6 39.Nd4+ Kd7 40.Nb5 Kc6 41.Nd4+ Kd7 42.Ra1 h5
43.a4 h4 44.a5 hxg3 45.hxg3 e5 46.Nb5 bxa5 47.bxa5 Bc6 48.Nc3 e4 49.a6 Rh8
50.Ra5 Rh2+ 51.Kd1 Rh1+ 52.Kd2 Rh2+ 53.Kd1  1/2-1/2

[Event "FRA-NLD"]
[Site "Cannes"]
[Date "1990.??.??"]
[Round "10"]
[White "Ree, Hans"]
[Black "Miralles, Gilles"]
[Result "1-0"]
[WhiteElo "2455"]
[BlackElo "2460"]

1.d4 Nf6 2.c4 e6 3.Nc3 Bb4 4.Qc2 O-O 5.a3 Bxc3+ 6.Qxc3 b6 7.Nf3 Bb7 8.e3 d6
9.b4 Nbd7 10.Bb2 Qe7 11.Bd3 Rfe8 12.O-O e5 13.dxe5 dxe5 14.Bf5 e4 15.Bxd7 Qxd7
16.Rfd1 Qf5 17.Nd4 Qg5 18.Nb5 Re7 19.Rd2 a6 20.Nd4 h5 21.Rad1 Rae8 22.Ne2 Ng4
23.h4 Qe5 24.Nf4 Qxc3 25.Bxc3 g6 26.b5 a5 27.c5 bxc5 28.Bxa5 Ne5 29.Bc3 c6
30.b6 Kf8 31.a4 Nc4 32.Ra2 Nxb6 33.Bf6 Rd7 34.Rc1 Ra8 35.a5 Nd5 36.Nxd5 cxd5
37.Rxc5 Ra6 38.Bd4 Ke7 39.Rb2 Kd6 40.Kh2 Rc6 41.Rxc6+ Bxc6 42.a6 Rd8 43.a7 Ra8
44.Kg3 Ke6 45.Kf4 f6 46.Kg3 Ke7 47.Ra2 Bb7 48.Kf4 Ke6 49.Rc2 Kd7 50.Rb2 Bc6
51.Ra2 Rf8 52.Kg3 Kc7 53.Rb2 Ra8 54.Kf4 Rf8 55.Bc5 Ra8 56.Rb8 Kd7 57.Bd4 Ke6
58.Rb6 Kd7 59.Ra6 Kc7 60.Ra2 Rf8 61.Kg3 Bb7 62.Rc2+ Kd7 63.Rb2 Kc7 64.Bb6+ Kc6
65.Kf4 Ra8 66.Bd4 Kc7 67.Bxf6 Rxa7 68.Be5+ Kc6 69.Rc2+ Kb5 70.Rc7 Ka6 71.Kg5 Ra8
72.Kxg6 Rf8 73.Rf7 Rxf7 74.Kxf7 Bc8 75.f4 exf3 76.gxf3 Bd7 77.f4 Kb7 78.Kf6 Kc8
79.f5 Kd8 80.Kg6 Ke8 81.f6 Be6 82.Kxh5 Kf7 83.Kg5 Bh3 84.Bd4 Bg2 85.h5 Bf3
86.h6 Be4 87.Kf4 Ke6 88.Kg3 Kf7 89.Kg4 Bb1 90.Kg5 Be4 91.Be5 Bb1 92.Bg3 Bc2
93.Bh4 Bh7 94.Kf4 Ke6 95.Kf3 Kf7 96.Ke2 Kg6 97.Bg5 Kf7 98.Kd2 Ke6 99.Kc3 Bg8
100.Kd4 Bh7 101.Kc5 Be4 102.Kb6 Bh7 103.Kc7 Bg8 104.Kd8 Kf7 105.Kd7 Kf8 106.Kd6 Ke8
107.Ke5 Kf8 108.Bh4 Ke8 109.Be1 Kf7 110.Bb4 Ke8 111.Be7 Kf7 112.Kxd5 Kg6+
113.Kd6 Kxh6 114.Bd8 Kg6 115.Ke7 Ba2 116.e4 Bb3 117.Bc7  1-0

[Event "JUG-chT Cetinje"]
[Site "Cetinje"]
[Date "1990.??.??"]
[Round "1"]
[White "Kozul, Zdenko"]
[Black "Jukic, Mirko"]
[Result "1/2-1/2"]
[WhiteElo "2575"]
[BlackElo "2430"]

1.d4 Nf6 2.c4 e6 3.Nc3 Bb4 4.Qc2 O-O 5.a3 Bxc3+ 6.Qxc3 b6 7.Nf3 Bb7 8.e3 d6
9.Bd3 Nbd7 10.O-O c5 11.b4 cxd4 12.Nxd4 Ne5 13.Be2 Rc8 14.Qb3 d5 15.cxd5 Bxd5
16.Qd1 Nc4 17.f3 a6 18.e4 Bb7 19.Nc2 Qc7 20.Ne3 Qe5 21.Ra2 b5 22.Nxc4 bxc4
23.Be3 a5 24.Qd4 Qb5 25.bxa5 Qxa5 26.Rc1 Ba6 27.Qc3 Qxc3 28.Rxc3 Nd7 29.Bd4 e5
30.Be3 Nc5 31.Bxc5 Rxc5 32.Rb2 g6 33.Kf2 Rd8 34.Ke3 Rd6 35.Rd2 Rdc6 36.g3 Kf8
37.f4 Ke7 38.fxe5 Rxe5 39.Rd5 Rxd5 40.exd5 Rc5 41.Kd4 Kd6 42.Bf3 Ra5 43.g4 h6
44.Be4 Ra4 45.h3 Bb5 46.Bc2 Ra5 47.Rf3 Be8 48.Kxc4 Rc5+ 49.Kb3 Rb5+ 50.Kc3 Rc5+
51.Kb2 Rxd5 52.Bb3 Rd2+ 53.Kc3 Rh2 54.Kb4 f5 55.gxf5 gxf5 56.Rd3+ Kc7 57.Be6 Rf2
58.Kc5 f4 59.Rc3 Bc6 60.Bd5 Bd7 61.Rb3 Rc2+ 62.Kd4  1/2-1/2

[Event "JUG-chT Cetinje"]
[Site "Cetinje"]
[Date "1990.??.??"]
[Round "3"]
[White "Maksimovic, Suzana"]
[Black "Maric, Mirjana"]
[Result "0-1"]
[WhiteElo "2280"]
[BlackElo "2275"]

1.d4 Nf6 2.c4 e6 3.Nc3 Bb4 4.Qc2 O-O 5.Bg5 c5 6.dxc5 Na6 7.a3 Bxc3+ 8.Qxc3 Nxc5
9.f3 h6 10.Bh4 b6 11.Nh3 Ba6 12.Nf2 Nfe4 13.Bxd8 Nxc3 14.Be7 Nb3 15.Bxf8 Kxf8
16.e3 Nxa1 17.Kd2 Nb1+ 18.Kc1 Nxa3 19.bxa3 Nb3+ 20.Kb2 Nd2 21.Bd3 Nxc4+ 22.Kc3 Rc8
23.Kb4 d5 24.e4 Bb7 25.exd5 Bxd5 26.Re1 Nd6 27.Ne4 a5+ 28.Ka4 Bxe4 29.fxe4 Rc3
30.Bf1 e5 31.Rb1 Nxe4 32.Rxb6 Rc5 33.Ra6 Nc3+ 34.Kb3 e4 35.Kc2 Nb5+ 36.Kb2 Nc7
37.Ra7 f5 38.g3 g5 39.Be2 f4 40.gxf4 gxf4 41.Rb7 f3  0-1

[Event "JUG-chT Cetinje"]
[Site "Cetinje"]
[Date "1990.??.??"]
[Round "4"]
[White "Maric, Alisa"]
[Black "Maksimovic, Suzana"]
[Result "1-0"]
[WhiteElo "2365"]
[BlackElo "2280"]

1.d4 Nf6 2.c4 e6 3.Nc3 Bb4 4.Qc2 O-O 5.a3 Bxc3+ 6.Qxc3 b6 7.Bg5 h6 8.Bh4 Bb7
9.f3 d5 10.e3 Nbd7 11.Nh3 Re8 12.Bd3 c5 13.cxd5 exd5 14.O-O Rc8 15.Rad1 Qe7
16.Rfe1 Ne4 17.Bxe4 Qxh4 18.Bf5 Re7 19.dxc5 bxc5 20.Nf4 d4 21.Qb3 Bc6 22.Ng6 Qg5
23.Nxe7+ Qxe7 24.exd4 Qg5 25.Bxd7 Bxd7 26.Re5 Qf4 27.Rxc5 Re8 28.Qd3 g6 29.Qd2 Qh4
30.d5 a6 31.Rcc1 Re5 32.Qf2 Qf6 33.Rd2 h5 34.Re1 Rf5 35.d6 Rf4 36.Re4 h4
37.Qd4  1-0

[Event "Copenhagen Johansen"]
[Site "Copenhagen"]
[Date "1990.??.??"]
[Round "4"]
[White "Bykhovsky, Avigdor"]
[Black "Stempin, Pawel"]
[Result "1-0"]
[WhiteElo "2480"]
[BlackElo "2450"]

1.d4 Nf6 2.c4 e6 3.Nc3 Bb4 4.Qc2 O-O 5.a3 Bxc3+ 6.Qxc3 b6 7.Bg5 Bb7 8.f3 h6
9.Bh4 d5 10.e3 Re8 11.Nh3 Nbd7 12.Be2 c5 13.dxc5 bxc5 14.O-O Qb6 15.Bf2 a5
16.Nf4 Bc6 17.Rfd1 Rec8 18.Rd2 Rab8 19.Nd3 a4 20.Ne5 Nxe5 21.Qxe5 Qa5 22.Rc2 Nd7
23.Qd6 Qd8 24.cxd5 Bxd5 25.e4 Rb6 26.Qg3 Bb3 27.Rd2 e5 28.Rc1 Qe7 29.Be3 Rd6
30.Qe1 Rb6 31.Qf2 Rc7 32.Rc3 Kh7 33.h3 Rb8 34.Bc4 Bxc4 35.Rxc4 Ra8 36.Rdc2 Qe6
37.Bxc5 Rac8 38.R4c3 Rc6 39.Bb4 Nb6 40.Rxc6 Rxc6 41.Rxc6 Qxc6 42.Qc5 Qe6
43.Qe7 Qb3 44.Qxe5 Nc4 45.Qd4 f6 46.Bc3 Qb5 47.f4 Qc6 48.Kf2 Nd6 49.Kf3 Qa6
50.Kf2 Qc6 51.Ke3 Nc4+ 52.Kf3 Nd6 53.Qd5 Qa6 54.Kg3 Nc4 55.e5 fxe5 56.Qe4+ Kg8
57.Bxe5 Qb5 58.Bc3  1-0

[Event "Copenhagen op"]
[Site "Copenhagen"]
[Date "1990.??.??"]
[Round "5"]
[White "Peicheva Hansen, Evgenia"]
[Black "Pilgaard, Kim"]
[Result "0-1"]
[WhiteElo "2190"]
[BlackElo "2260"]

1.d4 Nf6 2.c4 e6 3.Nc3 Bb4 4.Qc2 O-O 5.a3 Bxc3+ 6.Qxc3 b6 7.Bg5 Bb7 8.f3 h6
9.Bh4 d5 10.cxd5 exd5 11.Rc1 c6 12.e3 Re8 13.Ne2 Nbd7 14.b4 a5 15.Bf2 axb4
16.axb4 Qe7 17.Nf4 Ra2 18.Nd3 Rea8 19.Rb1 R8a3 20.Qc1 Ba6 21.Qd1 c5 22.dxc5 bxc5
23.b5 Bb7 24.Be2 d4 25.exd4 Nd5 26.Rc1 Rxd3 27.Qxd3 Nf4 28.Qd1 Nxe2  0-1

[Event "Copenhagen op"]
[Site "Copenhagen"]
[Date "1990.??.??"]
[Round "7"]
[White "Jakobsen, Ole"]
[Black "Conquest, Stuart"]
[Result "0-1"]
[WhiteElo "2390"]
[BlackElo "2465"]

1.d4 Nf6 2.c4 e6 3.Nc3 Bb4 4.Qc2 O-O 5.a3 Bxc3+ 6.Qxc3 Qe8 7.g3 d6 8.Bg2 Nbd7
9.e4 e5 10.d5 b5 11.cxb5 Nc5 12.b4 Na4 13.Qc2 Qxb5 14.Bf1 Qd7 15.Bg5 a5 16.Bxf6 gxf6
17.Nf3 f5 18.Bh3 Qb5 19.Qd2 f6 20.exf5 Bb7 21.Rd1 axb4 22.axb4 Qc4 23.Bf1 Qe4+
24.Be2 Ba6 25.Rc1 Nc3 26.Rxc3 Bxe2 27.Re3 Bxf3  0-1

[Event "CSR-ch U18"]
[Site "?"]
[Date "1990.??.??"]
[Round "10"]
[White "Babula, Vlastimil"]
[Black "Dudas, Jan"]
[Result "1-0"]
[WhiteElo "2260"]
[BlackElo "2310"]

1.d4 Nf6 2.c4 e6 3.Nc3 Bb4 4.Qc2 O-O 5.a3 Bxc3+ 6.Qxc3 b6 7.Bg5 h6 8.Bh4 Bb7
9.f3 c5 10.dxc5 bxc5 11.e3 Qe7 12.O-O-O Nc6 13.Nh3 Rad8 14.Nf2 g5 15.Bg3 d5
16.h4 d4 17.exd4 cxd4 18.Qd2 Nd7 19.hxg5 Nc5 20.Kb1 hxg5 21.f4 Qc7 22.Qe2 f5
23.Rh5 gxf4 24.Rg5+ Kh8 25.Bxf4 e5 26.Rh5+ Kg8 27.Rg5+ Kh8 28.Bc1 Rf7 29.g4 Bc8
30.Bg2 e4 31.Rh1+ Rh7 32.Rxh7+ Kxh7 33.gxf5  1-0

[Event "Eger Agria"]
[Site "Eger"]
[Date "1990.??.??"]
[Round "?"]
[White "Beck, Hartmuth"]
[Black "Lukez, Franko"]
[Result "1/2-1/2"]
[WhiteElo "2265"]
[BlackElo "2325"]

1.d4 Nf6 2.c4 e6 3.Nc3 Bb4 4.Qc2 O-O 5.a3 Bxc3+ 6.Qxc3 b5 7.cxb5 c6 8.bxc6 Nxc6
9.e3 a5 10.b3 Bb7 11.Nf3 Qb6 12.Bd3 Rfc8 13.Qd2 Ne7 14.O-O Be4 15.Bxe4 Nxe4
16.Qd3 f5 17.Bd2 Nxd2 18.Nxd2 Ra7 19.Nc4 Qa6 20.Nb2 Qd6 21.Na4 Rb7 22.Rfb1 Kf7
23.Qd1 Nd5 24.Nc5 Rbc7 25.Qe1 Qb6 26.b4 d6  1/2-1/2